On the edge of disaster : seventy biblical cartoon /
Gardado en:
| Autor Principal: | |
|---|---|
| Formato: | Libro |
| Idioma: | inglés |
| Publicado: |
Michigan :
SMI,
c1985.
|
| Subjects: | |
| Tags: |
Sen Etiquetas, Sexa o primeiro en etiquetar este rexistro!
|
MARC
| LEADER | 00000cam a22000002a 4500 | ||
|---|---|---|---|
| 001 | 0000013071 | ||
| 003 | DAYSTAR | ||
| 005 | 20171002014758.0 | ||
| 008 | 030703s1985 miu 001 0 eng d | ||
| 020 | |||
| 040 | |a Daystar |d COnyango | ||
| 050 | 0 | 0 | |a BS 560 |b .S25 |
| 100 | 1 | |a Saint, Phil. | |
| 245 | 1 | 0 | |a On the edge of disaster : |b seventy biblical cartoon / |c Phil Saint. |
| 260 | |a Michigan : |b SMI, |c c1985. | ||
| 300 | |a 160p. | ||
| 630 | 0 | 0 | |a Bible |x Illustration. |
| 908 | |a 060412 | ||
| 942 | |c G | ||
| 952 | |0 1 |1 0 |4 0 |6 BS_560_000000000000000_S25 |7 0 |9 6923 |a DUA |b DUA |c STORE |d 2017-09-28 |l 0 |o BS 560.S25 |p BK002118 |r 2017-09-28 00:00:00 |w 2017-09-28 |x 50860 |y G | ||
| 999 | |c 4540 |d 4540 | ||